Managing The Software Enterprise: (Record no. 10023)

MARC details
000 -LEADER
fixed length control field 00773nac a22002291u 4500
020 ## - INTERNATIONAL STANDARD BOOK NUMBER
International Standard Book Number 9781844803545
022 ## - INTERNATIONAL STANDARD SERIAL NUMBER
International Standard Serial Number 1844803546
082 ## - DEWEY DECIMAL CLASSIFICATION NUMBER
Classification number 004.22
Item number HAL
090 ## - LOCALLY ASSIGNED LC-TYPE CALL NUMBER (OCLC); LOCAL CALL NUMBER (OCLC)
-- 10023
-- 10023
100 ## - MAIN ENTRY--PERSONAL NAME
Personal name Hall, Pat.
245 ## - TITLE STATEMENT
Title Managing The Software Enterprise:
Remainder of title Software Engineering And Information Systems In Context /
Statement of responsibility, etc Pat Hall, Juan Fernandez - Ramil.
260 ## - PUBLICATION, DISTRIBUTION, ETC. (IMPRINT)
Place of publication, distribution, etc London:
Name of publisher, distributor, etc Thomson,c.2007.
Date of publication, distribution, etc c.2007.
300 ## - PHYSICAL DESCRIPTION
Extent 441p:
Other physical details ill;
Dimensions 26cm.
500 ## - GENERAL NOTE
General note Includes Glossary & Index.
500 ## - GENERAL NOTE
General note Distributer: Al-Ahram.
511 ## - PARTICIPANT OR PERFORMER NOTE
Participant or performer note Catalogued By: Mahitab.
650 ## - SUBJECT ADDED ENTRY--TOPICAL TERM
Topical term or geographic name as entry element Database management.
650 ## - SUBJECT ADDED ENTRY--TOPICAL TERM
Topical term or geographic name as entry element Web services.
650 ## - SUBJECT ADDED ENTRY--TOPICAL TERM
Topical term or geographic name as entry element Computer architecture.
700 ## - ADDED ENTRY--PERSONAL NAME
Personal name Fernandez- Ramel, Juan.
942 ## - ADDED ENTRY ELEMENTS (KOHA)
Item type Book - Borrowing
Call number prefix 004.22HAL
Holdings
Withdrawn status Item status Damaged status Not for loan Home library Current library Shelving location Date acquired Source of acquisition Total Checkouts Full call number Barcode Date last seen Koha item type
        Central Library Central Library Lower Floor 27/07/2008 Purchase   004.22HAL 000013734 15/07/2025 Book - Borrowing